书目信息 |
| 题名: |
化工数学
|
|
| 作者: | 周爱月 主编 | |
| 分册: | ||
| 出版信息: | 北京 化学工业出版社 2001.07 |
|
| 页数: | 492页 | |
| 开本: | 26cm | |
| 丛书名: | ||
| 单 册: | ||
| 中图分类: | TQ011 | |
| 科图分类: | ||
| 主题词: | 化学工业--基础理论 | |
| 电子资源: | ||
| ISBN: | 7-5025-2967-5 | |
| 000 | 00554nam0 2200205 45 | |
| 001 | 0459930760 | |
| 005 | 2004042516384969 | |
| 010 | @a7-5025-2967-5@dCNY 38.00 | |
| 100 | @a20040425d2001 km y0chiy0120 ea | |
| 101 | 0 | @achi |
| 102 | @aCN@b110000 | |
| 200 | 1 | @a化工数学@AHua Gong Shu Xue@f周爱月主编@Fzhou ai yue zhu bian |
| 205 | @a2版 | |
| 210 | @a北京@c化学工业出版社@d2001.07 | |
| 215 | @a492页@d26cm | |
| 606 | 0 | @a化学工业@x基础理论 |
| 690 | @aTQ011@v3 | |
| 701 | 0 | @a周爱月@Azhou ai yue@4主编 |
| 801 | 0 | @aCN@bPFT@c20040425 |
| 905 | @dTQ011@eZ750 | |
| 化工数学/周爱月主编.-2版.-北京:化学工业出版社,2001.07 |
| 492页;26cm |
| ISBN 7-5025-2967-5:CNY 38.00 |
| ● |
| 相关链接 |
|
|
|
正题名:化工数学
索取号:TQ011/Z750
 
预约/预借
| 序号 | 登录号 | 条形码 | 馆藏地/架位号 | 状态 | 备注 |
| 1 | 391551 | 203915512 | 材料与化工学院资料室/ [索取号:TQ011/Z750] | 在馆 | |
| 2 | 391552 | 203915521 | 自科库501/501自科库 137排1列6层/ [索取号:TQ011/Z750] | 在馆 | |
| 3 | 391553 | 203915530 | 材料与化工学院资料室/ [索取号:TQ011/Z750] | 在馆 |